000 00518nam a2200193Ia 4500
005 20250326144107.0
008 250326s9999 xx 000 0 und d
020 _a81-8274-254-4
037 _aTextbook
040 _aFMSL
_beng
_cFMSL
041 _aeng
_2eng
084 _aW.691 P7
_qFMSL
100 _aWarikoo K
_9239460
245 0 _aAfganistan the challenge
_cWarikoo K
260 _aNew Delhi
_bNew Delhi, Pentagon
_c2007
300 _a377p
942 _cTB
_hW.691 P7
999 _c1302327
_d1302327